| 000 | 00653nam a2200205 i 4500 | ||
|---|---|---|---|
| 001 | 21694 | ||
| 003 | ES-MaACL | ||
| 005 | 20230906152528.0 | ||
| 007 | t| | ||
| 008 | 021127s1861 sp ||||1| spa d | ||
| 080 | _a327(460:82) | ||
| 100 | 1 |
_aAlbistur, Jacinto. _919391 |
|
| 245 | 1 | 0 |
_aRelaciones entre España y los estados del Río de la Plata / _cJacinto Albistur. |
| 260 |
_aMadrid : _b[s.n.], _c1861 ( _fImp. de J. Martín Alegría) |
||
| 300 |
_a44 p. ; _c21 cm. |
||
| 651 | 4 |
_aEspaña- _xRelaciones- _zArgentina. _9143746 |
|
| 651 | 4 |
_aArgentina- _xRelaciones- _zEspaña. _9143747 |
|
| 852 | 4 |
_aES-MaACL _jT-81-F-5 |
|
| 852 | 4 |
_aES-MaACL _jT-138-F-1 |
|
| 999 |
_c21694 _d21694 |
||